[Event "4NCL Online Division 5"]
[Site "online"]
[Date "2021.09.07"]
[EventDate "2021.09.07"]
[Round "2.132"]
[White "Joyce, Tim"]
[WhiteElo "1682"]
[WhiteTeam "Wessex Some Stars F"]
[Black "Bleeg, Elliott"]
[BlackElo "1314"]
[BlackTeam "Downend 2"]
[Result "0-1"]
[PlyCount "112"]

1. c4 e5 2. d3 Nf6 3. Nf3 Nc6 4. g3 d6 5. Bg2 Be7 6. a3 Be6 7. O-O O-O 8. b4 d5 9. cxd5 Bxd5 10. Nc3 Qd7 11. Nxd5 Nxd5 12. Bb2 Bf6 13. Qb3 Qe6 14. Nxe5 Bxe5 15. Bxe5 Nf4 16. Qxe6 Nxe6 17. Bxc6 bxc6 18. Rac1 f6 19. Bb2 Nd8 20. Rc2 a5 21. Rfc1 axb4 22. axb4 Ra6 23. b5 cxb5 24. Rxc7 Ne6 25. Rb7 Rf7 26. Rxb5 Ra2 27. Rc8+ Rf8 28. Rxf8+ Kxf8 29. e3 Ke7 30. Kg2 Kd6 31. Rb6+ Ke7 32. d4 Kd7 33. h4 Nc7 34. Bc3 Nd5 35. Rb7+ Kc6 36. Rxg7 Nxc3 37. Rxh7 Ne4 38. Kf3 f5 39. Kf4 Rxf2+ 40. Ke5 Nxg3 41. d5+ Kc5 42. d6 Rd2 43. Rc7+ Kb6 44. Rg7 Ne4 45. d7 Kc7 46. Kxf5 Nc5 47. h5 Nxd7 48. h6 Rh2 49. h7 Kd6 50. Rf7 Ne5 51. Ra7 Nd7 52. Kg6 Nf8+ 53. Kf6 Nxh7+ 54. Kg6 Nf8+ 55. Kf7 Rh7+ 56. Kxf8 Rxa7 0-1

[Event "4NCL Online Division 5"]
[Site "online"]
[Date "2021.09.07"]
[EventDate "2021.09.07"]
[Round "2.133"]
[White "Lewis, Catherine"]
[WhiteElo "1030"]
[WhiteTeam "Downend 2"]
[Black "Sandy, Paul"]
[BlackElo "1586"]
[BlackTeam "Wessex Some Stars F"]
[Result "1-0"]
[PlyCount "122"]

1. d4 e6 2. e4 b6 3. c4 Bb7 4. Nc3 Bb4 5. Bd3 Nf6 6. f3 Nc6 7. Be3 h6 8. Ne2 a6 9. Qb3 Bxc3+ 10. bxc3 d6 11. O-O O-O 12. f4 Na5 13. Qc2 Ng4 14. Rf3 f5 15. Ng3 Nf6 16. Rd1 Re8 17. Rff1 fxe4 18. Nxe4 Bxe4 19. Bxe4 Nxe4 20. Qxe4 Nxc4 21. Bc1 d5 22. Qg6 Qf6 23. Qg4 Qf5 24. Qf3 Rf8 25. Rde1 Rae8 26. Qe2 Qg6 27. Rf3 Rf6 28. Qf2 Nd6 29. Ba3 Ne4 30. Qe2 Qg4 31. Ref1 Nxc3 32. Qxa6 Qf5 33. Rxc3 Qe4 34. Qd3 Rxf4 35. Qxe4 Rxe4 36. Rxc7 Rxd4 37. Rff7 Rg4 38. Bb2 e5 39. Rfe7 Rxe7 40. Rxe7 d4 41. Rxe5 d3 42. Rd5 Rb4 43. Bc3 Rb1+ 44. Kf2 Rc1 45. Rxd3 Rc2+ 46. Kf3 Rxa2 47. Rd7 Ra3 48. Rxg7+ Kf8 49. Rc7 b5 50. Ke2 Ra2+ 51. Bd2 b4 52. Rb7 Rb2 53. Rxb4 Ra2 54. Rb7 Ra6 55. Kf3 Rf6+ 56. Bf4 h5 57. h3 Ke8 58. g4 hxg4+ 59. hxg4 Kf8 60. g5 Rf5 61. Kg4 Rc5 1-0

[Event "4NCL Online Division 5"]
[Site "online"]
[Date "2021.09.07"]
[EventDate "2021.09.07"]
[Round "2.141"]
[White "Rogers, David M"]
[WhiteElo "1595"]
[WhiteTeam "Charlton Cobras B"]
[Black "Beer, James"]
[BlackElo "1275"]
[BlackTeam "Colchester JFF C"]
[Result "1-0"]
[PlyCount "45"]

1. c4 e5 2. g3 Nf6 3. Bg2 Bc5 4. Nc3 Ng4 5. e3 Nc6 6. Qxg4 O-O 7. Nge2 d5 8. Qf3 e4 9. Qh5 Be7 10. Qxd5 Qxd5 11. Nxd5 Be6 12. Nxc7 Rac8 13. Nxe6 fxe6 14. O-O Nb4 15. b3 Nc2 16. Rb1 Rc5 17. Bxe4 Nb4 18. a3 Na2 19. Bb2 Bf6 20. Bxf6 gxf6 21. Rb2 Re5 22. Bg2 Nb4 23. axb4 1-0

[Event "4NCL Online Division 5"]
[Site "online"]
[Date "2021.09.07"]
[EventDate "2021.09.07"]
[Round "2.142"]
[White "Salkauskas, Deimantas"]
[WhiteElo "1066"]
[WhiteTeam "Colchester JFF C"]
[Black "Stebbings, Robert J"]
[BlackElo "1607"]
[BlackTeam "Charlton Cobras B"]
[Result "0-1"]
[PlyCount "134"]

1. e4 c5 2. Nf3 Nc6 3. Bc4 e6 4. Nc3 d6 5. O-O Nf6 6. d4 cxd4 7. Nxd4 a6 8. Nxc6 bxc6 9. Bg5 Be7 10. Qd2 O-O 11. Rae1 Ng4 12. Bxe7 Qxe7 13. Qf4 Ne5 14. Be2 Ng6 15. Qg3 Rb8 16. Bh5 Rxb2 17. Bxg6 hxg6 18. Rc1 e5 19. Rfd1 Be6 20. Qd3 Rd8 21. Qxa6 Qb7 22. Qxb7 Rxb7 23. a4 Bc4 24. a5 Ba6 25. Ra1 Rb2 26. Rd2 f5 27. f3 fxe4 28. fxe4 Kf7 29. Kf2 Ke6 30. Ke3 Rf8 31. g4 g5 32. h3 g6 33. Na4 Rb4 34. Nb6 Rf4 35. c4 Rb3+ 36. Ke2 Rxe4+ 37. Kd1 Rxh3 38. Raa2 Rxg4 39. Rab2 Bxc4 40. Nxc4 Rxc4 41. Ra2 Rh1+ 42. Ke2 Rh2+ 43. Kd3 Rxd2+ 44. Kxd2 Rb4 45. a6 Rb8 46. a7 Ra8 47. Ke3 Kd5 48. Kf3 Kc5 49. Kg4 Kb6 50. Kxg5 Rxa7 51. Rd2 Kc5 52. Kxg6 d5 53. Kf5 e4 54. Kf4 Ra3 55. Rc2+ Kd6 56. Re2 c5 57. Rd2 c4 58. Rc2 Kc5 59. Ke5 e3 60. Kf4 d4 61. Rc1 e2 62. Re1 d3 63. Ke3 Ra2 64. Kf2 Kd4 65. Rh1 e1=Q+ 66. Kxe1 Ra1+ 67. Kd2 c3# 0-1

[Event "4NCL Online Division 5"]
[Site "online"]
[Date "2021.09.07"]
[EventDate "2021.09.07"]
[Round "2.143"]
[White "Verbytski, Oleg"]
[WhiteElo "1462"]
[WhiteTeam "Charlton Cobras B"]
[Black "Kariyawasam, Rohan"]
[BlackElo "993"]
[BlackTeam "Colchester JFF C"]
[Result "1-0"]
[PlyCount "79"]

1. e4 e5 2. Nf3 Nc6 3. Bc4 Bc5 4. O-O Nf6 5. d4 exd4 6. e5 Ne4 7. Re1 d5 8. exd6 O-O 9. Rxe4 Bf5 10. dxc7 Qxc7 11. Rf4 Bd7 12. a3 Qd6 13. Qd3 Rae8 14. Nbd2 Qxf4 15. Nb3 Qd6 16. Bd2 Bb6 17. Ng5 g6 18. Ne4 Qe5 19. f3 Kh8 20. Bh6 Qh5 21. Bxf8 Rxf8 22. Nf6 Qf5 23. Nxd7 Qxd3 24. Bxd3 Re8 25. Nxb6 axb6 26. Be4 Re5 27. Kf2 Kg7 28. Rd1 Rh5 29. h3 g5 30. Nxd4 Nxd4 31. Rxd4 b5 32. Bxb7 Kf6 33. Rb4 Rh6 34. Rxb5 Kg7 35. a4 Rg6 36. a5 h6 37. a6 Rxa6 38. Bxa6 Kg6 39. c4 f5 40. c5 1-0

[Event "4NCL Online Division 5"]
[Site "online"]
[Date "2021.09.07"]
[EventDate "2021.09.07"]
[Round "2.144"]
[White "He, Kingsley"]
[WhiteElo "831"]
[WhiteTeam "Colchester JFF C"]
[Black "Sobrinho, Miguel"]
[BlackElo "1450"]
[BlackTeam "Charlton Cobras B"]
[Result "1-0"]
[PlyCount "55"]

1. e4 c6 2. d4 d5 3. e5 Bf5 4. Nf3 e6 5. Be2 c5 6. dxc5 Bxc5 7. Be3 Bxe3 8. fxe3 Nc6 9. Nc3 a6 10. O-O h6 11. Nd4 Nge7 12. Bg4 Nxe5 13. Bxf5 Nxf5 14. Nxf5 exf5 15. Rxf5 Nc4 16. Qxd5 Qxd5 17. Nxd5 O-O 18. b3 Nd6 19. Ne7+ Kh7 20. Rf3 g6 21. Raf1 f5 22. g4 Ne4 23. gxf5 Nd2 24. fxg6+ Kg7 25. Rf7+ Rxf7 26. Rxf7+ Kh8 27. g7+ Kh7 28. g8=Q# 1-0

[Event "4NCL Online Division 5"]
[Site "online"]
[Date "2021.09.07"]
[EventDate "2021.09.07"]
[Round "2.151"]
[White "Moradmand, Bardia"]
[WhiteElo "1379"]
[WhiteTeam "QMUL B"]
[Black "Harrison, Peter K"]
[BlackElo "1659"]
[BlackTeam "Devana Corieltauvorum"]
[Result "1-0"]
[PlyCount "47"]

1. e4 c6 2. Nc3 d5 3. Nf3 d4 4. Ne2 c5 5. Ng3 Nc6 6. Bb5 Bd7 7. O-O e6 8. c3 a6 9. Bxc6 Bxc6 10. cxd4 cxd4 11. d3 Bd6 12. Nxd4 Bxg3 13. Nxc6 Bxh2+ 14. Kxh2 Qc7+ 15. Kg1 Qxc6 16. Qg4 g6 17. Bf4 Qd7 18. Rac1 Rc8 19. Rxc8+ Qxc8 20. Rc1 Qd7 21. Qf3 Qb5 22. Rc8+ Kd7 23. Rc7+ Ke8 24. Be5 1-0

[Event "4NCL Online Division 5"]
[Site "online"]
[Date "2021.09.07"]
[EventDate "2021.09.07"]
[Round "2.152"]
[White "Wylie, Steve"]
[WhiteElo "1676"]
[WhiteTeam "Devana Corieltauvorum"]
[Black "Suulker, Cem"]
[BlackElo "1077"]
[BlackTeam "QMUL B"]
[Result "1-0"]
[PlyCount "123"]

1. d4 g6 2. Nf3 Bg7 3. e4 b6 4. c3 Bb7 5. Bd3 d6 6. Bf4 Nd7 7. O-O e6 8. Re1 Ne7 9. Na3 h6 10. Qd2 Ng8 11. Rac1 Qe7 12. Nb5 Qd8 13. Qc2 a6 14. Na3 g5 15. Be3 g4 16. Nd2 h5 17. f4 Qe7 18. e5 d5 19. f5 exf5 20. Bxf5 O-O-O 21. c4 Kb8 22. cxd5 Nxe5 23. dxe5 Bxe5 24. Bf4 f6 25. Bxe5 fxe5 26. Be4 Nf6 27. d6 cxd6 28. Bxb7 Qxb7 29. Qc6 Qxc6 30. Rxc6 Kb7 31. Rec1 Rc8 32. Rxc8 Rxc8 33. Rxc8 Kxc8 34. Nac4 Kc7 35. a4 Kc6 36. Kf2 h4 37. Ke3 Kc5 38. b3 b5 39. axb5 axb5 40. Na5 Kb6 41. b4 Kc7 42. Ne4 Nxe4 43. Kxe4 Kd7 44. Kd5 Kc7 45. Nb3 Kd7 46. Nd2 Ke7 47. Ne4 Kf7 48. Nxd6+ Kf6 49. Ne4+ Kf5 50. g3 h3 51. Nf2 e4 52. Nxe4 Kg6 53. Ke5 Kf7 54. Nd6+ Kg6 55. Nxb5 Kf7 56. Nd6+ Ke7 57. b5 Kd7 58. b6 Kd8 59. b7 Kc7 60. Kf5 Kxd6 61. b8=Q+ Ke7 62. Qe5+ 1-0

[Event "4NCL Online Division 5"]
[Site "online"]
[Date "2021.09.07"]
[EventDate "2021.09.07"]
[Round "2.153"]
[White "Staubmann, Laila"]
[WhiteElo "1100"]
[WhiteTeam "QMUL B"]
[Black "Pettitt, David"]
[BlackElo "1627"]
[BlackTeam "Devana Corieltauvorum"]
[Result "1-0"]
[PlyCount "97"]

1. e4 d5 2. exd5 Qxd5 3. Nc3 Qd8 4. d4 c6 5. Bf4 Nf6 6. Nf3 Bg4 7. h3 Bh5 8. g4 Bg6 9. Ne5 Nbd7 10. Nxg6 hxg6 11. Qe2 e6 12. O-O-O Nb6 13. Bg2 Bd6 14. Be5 Qc7 15. Ne4 Bxe5 16. dxe5 Nxe4 17. Qxe4 Nd7 18. f4 O-O-O 19. Rhe1 Qa5 20. a3 Nb6 21. f5 gxf5 22. gxf5 Nd5 23. fxe6 fxe6 24. Qg4 Nc7 25. Qxg7 Rhg8 26. Rxd8+ Rxd8 27. Rf1 Qc5 28. Kb1 Qe3 29. Rf7 Qb6 30. Be4 Rd1+ 31. Ka2 Qa5 32. Qg8+ Rd8 33. Rf8 Qd2 34. h4 Qd4 35. h5 Qc4+ 36. b3 Qd4 37. h6 Qd7 38. h7 Rxf8 39. Qxf8+ Ne8 40. h8=Q Kc7 41. Qxe8 Qd4 42. Qc8+ Kb6 43. Bd3 Qc5 44. b4 Qd5+ 45. Kb2 Qd4+ 46. Kc1 Qe3+ 47. Kb1 Qe1+ 48. Ka2 Qc1 49. Qhd8# 1-0

[Event "4NCL Online Division 5"]
[Site "online"]
[Date "2021.09.07"]
[EventDate "2021.09.07"]
[Round "2.154"]
[White "Johnson, Andy G"]
[WhiteElo "1654"]
[WhiteTeam "Devana Corieltauvorum"]
[Black "Pillai, Abhishek"]
[BlackElo "1127"]
[BlackTeam "QMUL B"]
[Result "1-0"]
[PlyCount "73"]

1. d4 Nf6 2. e3 g6 3. Bd3 Bg7 4. Nf3 d5 5. Nbd2 c5 6. c3 cxd4 7. exd4 Nc6 8. O-O h5 9. Re1 Ng4 10. h3 e5 11. hxg4 hxg4 12. Nxe5 Nxe5 13. dxe5 Qh4 14. Kf1 b6 15. Bb5+ Kf8 16. Qa4 Rh5 17. Qb4+ Kg8 18. Qd6 Qh1+ 19. Ke2 Qxg2 20. Kd1 Qxf2 21. Rf1 Qh2 22. Qxd5 Be6 23. Qxa8+ Kh7 24. Be2 Rxe5 25. Rh1 Rxe2 26. Rxh2+ Rxh2 27. Nf1 Rh3 28. Bd2 g3 29. Qg2 Bg4+ 30. Kc2 Bf5+ 31. Kb3 Be6+ 32. c4 Rh4 33. Ne3 Rd4 34. Rh1+ Kg8 35. Qa8+ Bf8 36. Rh8+ Kxh8 37. Bc3 1-0

[Event "4NCL Online Division 5"]
[Site "online"]
[Date "2021.09.07"]
[EventDate "2021.09.07"]
[Round "2.161"]
[White "Kerrane, John"]
[WhiteElo "1673"]
[WhiteTeam "Hebden Bridge 3"]
[Black "Dunn, Jeff"]
[BlackElo "1355"]
[BlackTeam "East Kilbride Rovers"]
[Result "1-0"]
[PlyCount "77"]

1. d4 d5 2. c4 e5 3. dxe5 d4 4. Nf3 Nc6 5. g3 f6 6. exf6 Nxf6 7. Bg2 Be7 8. O-O O-O 9. Nbd2 a5 10. b3 Bg4 11. Bb2 Bc5 12. a3 Qd7 13. Qc2 Rad8 14. Ne4 Nxe4 15. Qxe4 Rfe8 16. Qd3 Re7 17. Rfe1 Rde8 18. Rad1 Bf5 19. Qd2 Rd8 20. Nxd4 Nxd4 21. Bd5+ Be6 22. Bxd4 Bxd4 23. Qxd4 Bxd5 24. Qxd5+ Qxd5 25. Rxd5 Rde8 26. e3 c6 27. Rd3 Kf7 28. Red1 h6 29. Rd7 Ke6 30. Rxe7+ Rxe7 31. Kf1 Rf7 32. Ke2 Ke5 33. f3 Ke6 34. e4 Ke5 35. Ke3 g5 36. c5 h5 37. Rd6 h4 38. Rg6 Rh7 39. f4+ 1-0

[Event "4NCL Online Division 5"]
[Site "online"]
[Date "2021.09.07"]
[EventDate "2021.09.07"]
[Round "2.162"]
[White "Peakman, Jonlee"]
[WhiteElo "1261"]
[WhiteTeam "East Kilbride Rovers"]
[Black "Blinkhorn, Joshua"]
[BlackElo "1571"]
[BlackTeam "Hebden Bridge 3"]
[Result "1-0"]
[PlyCount "47"]

1. d4 Nf6 2. c4 g6 3. Nc3 d5 4. Bg5 Bg7 5. Bxf6 Bxf6 6. cxd5 c6 7. e4 cxd5 8. Nxd5 Bg7 9. Bb5+ Nc6 10. Ne2 O-O 11. O-O Bd7 12. Ndc3 a6 13. Bxc6 Bxc6 14. f4 Qb6 15. Qd2 Rfd8 16. Rad1 Rac8 17. Kh1 e6 18. f5 Bxd4 19. Nxd4 e5 20. Qh6 f6 21. fxg6 Rc7 22. Ne6 Rxd1 23. Rxd1 Be8 24. Qf8# 1-0

[Event "4NCL Online Division 5"]
[Site "online"]
[Date "2021.09.07"]
[EventDate "2021.09.07"]
[Round "2.163"]
[White "Catlow, Robert"]
[WhiteElo "1411"]
[WhiteTeam "Hebden Bridge 3"]
[Black "Shrestha, Deepesh"]
[BlackElo "1233"]
[BlackTeam "East Kilbride Rovers"]
[Result "1-0"]
[PlyCount "55"]

1. d4 Nf6 2. c4 e6 3. Nf3 c5 4. Nc3 b6 5. Bf4 Nc6 6. Nb5 d6 7. dxc5 e5 8. Bg5 bxc5 9. Bxf6 gxf6 10. e3 a6 11. Nc3 Bb7 12. Qb1 Qa5 13. Be2 h5 14. Nh4 Ne7 15. O-O Qb6 16. Rd1 Kd7 17. Ne4 Ng8 18. Nxd6 Bxd6 19. Nf5 Kc7 20. Rxd6 Qa5 21. Qd3 Kb8 22. Qb3 Qc7 23. Bf3 Nh6 24. Rb6 Ra7 25. Nd6 Ka8 26. Nxb7 f5 27. Bd5 Rxb7 28. Rxb7 1-0

[Event "4NCL Online Division 5"]
[Site "online"]
[Date "2021.09.07"]
[EventDate "2021.09.07"]
[Round "2.164"]
[White "Jianu, Marius"]
[WhiteElo "800"]
[WhiteTeam "East Kilbride Rovers"]
[Black "Sullivan, Terry"]
[BlackElo "1400"]
[BlackTeam "Hebden Bridge 3"]
[Result "1-0"]
[PlyCount "107"]

1. e3 e6 2. d4 d5 3. g3 Nf6 4. Bg2 c6 5. Nf3 Be7 6. c3 O-O 7. O-O Nbd7 8. Nbd2 c5 9. b3 b6 10. c4 Bb7 11. Ne1 Rb8 12. cxd5 Nxd5 13. Bxd5 Bxd5 14. e4 Bb7 15. f3 Ba6 16. Rf2 cxd4 17. Bb2 e5 18. f4 f6 19. fxe5 Nxe5 20. Ndf3 Ng4 21. Rc2 Ne3 22. Qxd4 Nxc2 23. Qxd8 Rfxd8 24. Nxc2 Rbc8 25. Ne3 Rd3 26. Kf2 Bc5 27. Re1 Bxe3+ 28. Rxe3 Rxe3 29. Kxe3 Rc2 30. Bd4 Rxa2 31. e5 Re2+ 32. Kf4 fxe5+ 33. Bxe5 Rb2 34. Bxb2 h6 35. Kg4 Be2 36. b4 h5+ 37. Kf4 g5+ 38. Ke3 Bxf3 39. Kxf3 g4+ 40. Ke4 Kf7 41. Bd4 Ke6 42. Kf4 Kd5 43. Be3 Kc4 44. Bd2 Kd3 45. Be1 Ke2 46. Bc3 Kd3 47. Be5 Kc4 48. Kg5 Kxb4 49. Kxh5 Kc4 50. Kxg4 b5 51. h4 b4 52. h5 b3 53. h6 b2 54. Bxb2 1-0

[Event "4NCL Online Division 5"]
[Site "online"]
[Date "2021.09.07"]
[EventDate "2021.09.07"]
[Round "2.171"]
[White "Wedge, David C"]
[WhiteElo "1877"]
[WhiteTeam "Hebden Bridge 2"]
[Black "Murray, Euan"]
[BlackElo "1490"]
[BlackTeam "Dundee City D"]
[Result "1-0"]
[PlyCount "65"]

1. e4 e5 2. Nf3 Nc6 3. Bb5 Nf6 4. d3 Bc5 5. O-O d6 6. h3 Be6 7. c3 a6 8. Ba4 Qd7 9. Re1 b5 10. Bc2 h6 11. d4 exd4 12. cxd4 Bb4 13. Nc3 Bxh3 14. gxh3 Qxh3 15. e5 O-O-O 16. exf6 gxf6 17. Bf4 Rhg8+ 18. Bg3 Rxg3+ 19. fxg3 Qxg3+ 20. Kf1 Rg8 21. Bf5+ Kb8 22. Re3 Qg2+ 23. Ke1 Qh1+ 24. Kd2 Qh5 25. Bd3 d5 26. Qh1 Qxh1 27. Rxh1 Bd6 28. Nxd5 Rg2+ 29. Re2 Rg3 30. Rf2 Nd8 31. Rg1 Rh3 32. Rg8 Kc8 33. Bf5+ 1-0

[Event "4NCL Online Division 5"]
[Site "online"]
[Date "2021.09.07"]
[EventDate "2021.09.07"]
[Round "2.172"]
[White "Jackson, Robert"]
[WhiteElo "1575"]
[WhiteTeam "Dundee City D"]
[Black "Leonard, Pete"]
[BlackElo "1864"]
[BlackTeam "Hebden Bridge 2"]
[Result "1-0"]
[PlyCount "89"]

1. d4 Nf6 2. Nf3 g6 3. Bg5 Bg7 4. c3 d6 5. Nbd2 c5 6. e3 O-O 7. h3 Nc6 8. Be2 Qc7 9. O-O e5 10. Rc1 e4 11. Ne1 Re8 12. Qc2 Qe7 13. dxc5 dxc5 14. Bc4 Na5 15. Bb5 Bd7 16. Bxf6 Bxf6 17. Bxd7 Qxd7 18. Nxe4 Qf5 19. Nxf6+ Qxf6 20. Nf3 Rad8 21. Rfd1 Nc6 22. Qb3 b6 23. Qa4 Kg7 24. a3 Re6 25. h4 h6 26. Qa6 Ne5 27. Nxe5 Rxe5 28. Qxa7 Qxh4 29. Qxb6 Red5 30. Qb3 Rh5 31. Kf1 c4 32. Qc2 Rd3 33. Ke1 Qe4 34. Rxd3 cxd3 35. Qb3 Qxg2 36. Kd2 Rd5 37. Rd1 Qxf2+ 38. Kc1 Qxe3+ 39. Kb1 Qe4 40. c4 d2+ 41. Ka2 Rd3 42. Qb4 Qe2 43. Qa4 Rd4 44. Qc2 h5 45. b3 1-0

[Event "4NCL Online Division 5"]
[Site "online"]
[Date "2021.09.07"]
[EventDate "2021.09.07"]
[Round "2.173"]
[White "Allan, John M"]
[WhiteElo "1799"]
[WhiteTeam "Hebden Bridge 2"]
[Black "Vijayakumar, Rishi"]
[BlackElo "1497"]
[BlackTeam "Dundee City D"]
[Result "1-0"]
[PlyCount "129"]

1. e4 e6 2. d4 d5 3. Nc3 Nf6 4. Bg5 Bb4 5. e5 h6 6. Bd2 Bxc3 7. bxc3 Ne4 8. Qg4 Nxd2 9. Qxg7 Rf8 10. Kxd2 Qg5+ 11. Qxg5 hxg5 12. Nf3 g4 13. Nh4 c5 14. f3 gxf3 15. Nxf3 c4 16. Be2 Nc6 17. h4 f5 18. exf6 Rxf6 19. Raf1 Bd7 20. g4 Ke7 21. g5 Rf4 22. Ne5 Rxf1 23. Rxf1 Nxe5 24. dxe5 Rf8 25. Rf6 a5 26. h5 Be8 27. Rxf8 Kxf8 28. Bg4 Ke7 29. Ke3 Ba4 30. Bd1 Kf7 31. Kd4 b6 32. Ke3 Kg7 33. Kf4 Be8 34. Kg4 Ba4 35. Kh4 Be8 36. Bg4 Bd7 37. a3 b5 38. Kg3 b4 39. cxb4 axb4 40. axb4 d4 41. Be2 Bb5 42. Kf4 d3 43. cxd3 c3 44. Bd1 Bxd3 45. Ke3 c2 46. Bxc2 Bxc2 47. b5 Ba4 48. b6 Bc6 49. Kd4 Kf7 50. Kc5 Bb7 51. Kd6 Bf3 52. Kc7 Kg7 53. b7 Bxb7 54. Kxb7 Kh7 55. Kc7 Kg7 56. Kd7 Kh7 57. Kxe6 Kg7 58. Kd7 Kh7 59. e6 Kg7 60. e7 Kh8 61. e8=Q+ Kh7 62. Qg6+ Kh8 63. Qf6+ Kg8 64. h6 Kh7 65. Qg7# 1-0

[Event "4NCL Online Division 5"]
[Site "online"]
[Date "2021.09.07"]
[EventDate "2021.09.07"]
[Round "2.174"]
[White "Sallai, Peter"]
[WhiteElo "1435"]
[WhiteTeam "Dundee City D"]
[Black "Hill, Ollie"]
[BlackElo "1724"]
[BlackTeam "Hebden Bridge 2"]
[Result "1-0"]
[PlyCount "153"]

1. e4 e5 2. Nf3 Nc6 3. Bb5 a6 4. Bxc6 dxc6 5. O-O Bg4 6. d3 Bd6 7. Be3 Nf6 8. Nbd2 O-O 9. h3 Bc8 10. Nc4 Re8 11. Bg5 b5 12. Ncd2 h6 13. Be3 Bb7 14. Nb3 a5 15. Nc5 Bxc5 16. Bxc5 Nd7 17. Be3 c5 18. a3 Qe7 19. Nh2 Nf8 20. f4 Rad8 21. Qe2 exf4 22. Rxf4 Ne6 23. Rf2 Nd4 24. Bxd4 cxd4 25. Raf1 Rf8 26. Qh5 Ba6 27. Ng4 Qg5 28. Qxg5 hxg5 29. Ne5 f6 30. Nc6 Ra8 31. Nxd4 c5 32. Nc6 a4 33. Rf5 c4 34. Nb4 cxd3 35. cxd3 Bc8 36. Rxb5 Bd7 37. Rd5 Be6 38. Rd6 Bb3 39. Rc1 Rfd8 40. Rcc6 Rxd6 41. Rxd6 Ra5 42. Kf2 Rc5 43. Rc6 Re5 44. g4 Bf7 45. Ke3 Be8 46. Rc8 Kf7 47. Rc7+ Kg6 48. d4 Ra5 49. d5 Bb5 50. d6 Ra8 51. Kd4 Rd8 52. Kc5 Bd7 53. Nc6 Bxc6 54. Kxc6 Ra8 55. Kb7 Rd8 56. d7 Kf7 57. Kc6 Ke6 58. Ra7 Ke7 59. Kb5 Rxd7 60. Rxd7+ Kxd7 61. Kxa4 Kd6 62. Kb5 Ke5 63. a4 Kxe4 64. a5 Kf4 65. a6 Kg3 66. a7 Kxh3 67. a8=Q Kxg4 68. Qg2+ Kf4 69. Kc4 g4 70. b4 f5 71. b5 g3 72. b6 Kg4 73. b7 f4 74. b8=Q f3 75. Qbxg3+ Kh5 76. Q3xf3+ Kh6 77. Qfh3# 1-0

[Event "4NCL Online Division 5"]
[Site "online"]
[Date "2021.09.07"]
[EventDate "2021.09.07"]
[Round "2.181"]
[White "Catabay, Rezin C"]
[WhiteElo "1347"]
[WhiteTeam "Colchester JFF B"]
[Black "Hayles, Robin"]
[BlackElo "1702"]
[BlackTeam "Wolfpack 2"]
[Result "1-0"]
[PlyCount "23"]

1. c4 Nf6 2. d4 e6 3. Nc3 Bb4 4. Bd2 O-O 5. Nf3 d6 6. Qc2 Bxc3 7. Bxc3 c5 8. O-O-O b6 9. dxc5 bxc5 10. Ng5 h6 11. Bxf6 Qxf6 12. Qh7# 1-0

[Event "4NCL Online Division 5"]
[Site "online"]
[Date "2021.09.07"]
[EventDate "2021.09.07"]
[Round "2.182"]
[White "Vernon, Colin G"]
[WhiteElo "1644"]
[WhiteTeam "Wolfpack 2"]
[Black "Shiva, Shrishti"]
[BlackElo "1342"]
[BlackTeam "Colchester JFF B"]
[Result "1-0"]
[PlyCount "43"]

1. e4 e5 2. Nf3 Nc6 3. d4 exd4 4. Nxd4 Nxd4 5. Qxd4 d6 6. Nc3 Nf6 7. Bc4 Be7 8. Bf4 O-O 9. O-O-O Be6 10. Nd5 Nxd5 11. Bxd5 Bxd5 12. Qxd5 Rb8 13. Be3 b6 14. f4 a5 15. g4 Kh8 16. g5 f6 17. h4 fxg5 18. hxg5 Qe8 19. Rxh7+ Kxh7 20. Rh1+ Kg6 21. f5+ Rxf5 22. Qxf5# 1-0

[Event "4NCL Online Division 5"]
[Site "online"]
[Date "2021.09.07"]
[EventDate "2021.09.07"]
[Round "2.183"]
[White "Baig, Huzaifa"]
[WhiteElo "1339"]
[WhiteTeam "Colchester JFF B"]
[Black "Braithwaite, Paul"]
[BlackElo "1199"]
[BlackTeam "Wolfpack 2"]
[Result "1-0"]
[PlyCount "123"]

1. e4 e5 2. Nf3 Nc6 3. Nc3 Nf6 4. Bc4 h6 5. d3 Be7 6. Be3 O-O 7. O-O d6 8. h3 Na5 9. Bb3 Nxb3 10. axb3 d5 11. exd5 Nxd5 12. Nxe5 Nxe3 13. fxe3 Bc5 14. d4 Bd6 15. Nf3 Re8 16. Re1 Bb4 17. Qd3 Bd7 18. Re2 Bxc3 19. Qxc3 Bc6 20. Ne5 Bb5 21. Ree1 f6 22. Nd3 Bxd3 23. Qxd3 Qd6 24. e4 Re7 25. Re3 Rae8 26. Rae1 Qa6 27. Qxa6 bxa6 28. Kf2 Kh7 29. Kf3 Kg6 30. Rc3 Rd7 31. Rc4 Red8 32. Rd1 Rd6 33. d5 R6d7 34. Rc6 Kg5 35. Rxa6 f5 36. c4 fxe4+ 37. Kxe4 Re8+ 38. Kd3 Rde7 39. Kc3 Re3+ 40. Rd3 Re2 41. Rd2 R2e3+ 42. Kc2 Re2 43. Rxa7 R2e7 44. Ra6 Kf4 45. c5 Re5 46. b4 Re4 47. Kc3 Re3+ 48. Rd3 R3e7 49. d6 cxd6 50. Raxd6 Re3 51. c6 Rxd3+ 52. Rxd3 Rc8 53. b5 Ke5 54. Kc4 g5 55. Kc5 Ke4 56. Rd6 Kf4 57. b6 Kg3 58. Rxh6 Kxg2 59. Rh5 Kg3 60. Rxg5+ Kxh3 61. Rd5 Rd8 62. Rxd8 1-0

[Event "4NCL Online Division 5"]
[Site "online"]
[Date "2021.09.07"]
[EventDate "2021.09.07"]
[Round "2.184"]
[White "Smith, Henry"]
[WhiteElo "986"]
[WhiteTeam "Wolfpack 2"]
[Black "Balaggan, Karam S"]
[BlackElo "1315"]
[BlackTeam "Colchester JFF B"]
[Result "0-1"]
[PlyCount "118"]

1. e4 c6 2. d4 d5 3. exd5 cxd5 4. Nc3 Nf6 5. Nf3 Bf5 6. Bf4 Nc6 7. Bb5 e6 8. O-O Bd6 9. Ne5 Qc7 10. Nxc6 bxc6 11. Bxd6 Qxd6 12. Bd3 Ng4 13. f4 h5 14. Bxf5 Ne3 15. Qe2 Nxf5 16. Qd3 O-O 17. Ne2 c5 18. c3 Rab8 19. Rab1 Rfc8 20. Ng3 Nxg3 21. Qxg3 cxd4 22. cxd4 Rc2 23. Qa3 Qxa3 24. bxa3 Rxb1 25. Rxb1 Rxa2 26. Rb8+ Kh7 27. Rb7 Rxa3 28. Rxf7 Kg6 29. Re7 Kf6 30. Re8 a5 31. Rh8 g6 32. Kf2 a4 33. Ra8 Ra1 34. Ke3 a3 35. Kf3 a2 36. Kg3 Kf5 37. h3 Ke4 38. Ra4 Ke3 39. Ra8 Kxd4 40. Ra4+ Kc3 41. Ra8 Kb2 42. Rb8+ Kc1 43. Rc8+ Kd1 44. Ra8 Kd2 45. Ra3 d4 46. Rf3 d3 47. Rf2+ Kc3 48. Rf3 Rb1 49. Rf2 a1=Q 50. Rf3 Rf1 51. Re3 Qe1+ 52. Rxe1 Rxe1 53. Kf2 d2 54. Kg3 d1=Q 55. Kh2 Qd2 56. f5 Rc1 57. Kg3 Qg5+ 58. Kh2 Rc2 59. h4 Qxg2# 0-1

[Event "4NCL Online Division 5"]
[Site "online"]
[Date "2021.09.07"]
[EventDate "2021.09.07"]
[Round "2.191"]
[White "Mullins, Steven A"]
[WhiteElo "1323"]
[WhiteTeam "Deaf England 2"]
[Black "Badacsonyi, Stanley"]
[BlackElo "1605"]
[BlackTeam "MHJ Bishops"]
[Result "0-1"]
[PlyCount "82"]

1. f4 Nf6 2. Nf3 g6 3. e3 Bg7 4. Be2 d6 5. d4 O-O 6. O-O Nbd7 7. Bd2 c5 8. c3 Qb6 9. Qc2 Re8 10. Be1 Nd5 11. Bf2 e5 12. fxe5 dxe5 13. Rd1 exd4 14. exd4 N7f6 15. Bc4 Bf5 16. Qb3 Qxb3 17. Bxb3 Ne3 18. Rd2 c4 19. Ba4 Re7 20. Bxe3 Rxe3 21. Na3 Rc8 22. Nc2 Re7 23. Re1 Rxe1+ 24. Ncxe1 a6 25. Bc2 Bxc2 26. Nxc2 b5 27. Re2 Nd5 28. g3 a5 29. Kg2 b4 30. Re1 bxc3 31. bxc3 Nxc3 32. a3 Nb5 33. Re7 Rb8 34. Kf2 Nd6 35. Ke2 Bf8 36. Re3 Rb2 37. Kd1 Bh6 38. Rc3 Rb3 39. Rxb3 cxb3 40. Nce1 Nb5 41. d5 Nc3# 0-1

[Event "4NCL Online Division 5"]
[Site "online"]
[Date "2021.09.07"]
[EventDate "2021.09.07"]
[Round "2.192"]
[White "Karia, Kamlesh"]
[WhiteElo "1560"]
[WhiteTeam "MHJ Bishops"]
[Black "Masterson, Desmond"]
[BlackElo "1001"]
[BlackTeam "Deaf England 2"]
[Result "1-0"]
[PlyCount "79"]

1. e4 e6 2. d4 d5 3. exd5 exd5 4. Bd3 Nc6 5. c3 Nf6 6. Bg5 Be7 7. Nf3 O-O 8. Nbd2 Re8 9. O-O Qd6 10. Re1 Be6 11. Qc2 g6 12. h4 Nh5 13. Bxe7 Rxe7 14. Ng5 Bd7 15. Ndf3 Rxe1+ 16. Rxe1 Nf4 17. g3 Nxd3 18. Qxd3 Re8 19. Rxe8+ Bxe8 20. Qe3 Bd7 21. Ne5 Nxe5 22. Qxe5 Qxe5 23. dxe5 Be6 24. f4 Kg7 25. Kf2 Kh6 26. Ke3 c5 27. a3 b5 28. b4 cxb4 29. axb4 a6 30. Kd4 Kg7 31. Kc5 h6 32. Nxe6+ fxe6 33. Kb6 Kf7 34. Kxa6 Ke7 35. Kxb5 Kd7 36. g4 Kc7 37. Kc5 Kd7 38. b5 Kc7 39. b6+ Kb7 40. Kb5 1-0